Miscellaneous Sixes Quiz Stats

 Plays Quiz Updated Mar 29, 2019

Score 0/36 Timer 06:00
9 Plays Today
Hint Answer % Correct
Big Mac Ingredients (between the buns)lettuce
94.9%
Big Mac Ingredients (between the buns)two beef patties
93.8%
Trix Cereal Sloganfor
93.5%
Ivy League Universities outside of New York StateHarvard
89%
Ivy League Universities outside of New York StateYale
88.6%
Big Mac Ingredients (between the buns)cheese
87.5%
Big Mac Ingredients (between the buns)special sauce
86.8%
Six Biggest Automakers Worldwide*Ford
85.9%
Big Mac Ingredients (between the buns)onions
84.1%
Big Mac Ingredients (between the buns)pickles
83.7%
Six Biggest Automakers Worldwide*Toyota
81%
Most Common Male Names in 20th Century America^John
80.7%
Trix Cereal Slogankids!
79.2%
Trix Cereal SloganTrix
78.1%
Ivy League Universities outside of New York StateBrown
74.1%
Trix Cereal Sloganare
74.1%
Trix Cereal SloganRabbit,
73.2%
Trix Cereal SloganSilly
72.9%
Hint Answer % Correct
Six Biggest Automakers Worldwide*Honda
72.8%
Ivy League Universities outside of New York StatePrinceton
67.4%
Most Common Male Names in 20th Century America^Michael
58.8%
Most Common Male Names in 20th Century America^James
55.5%
Ivy League Universities outside of New York StateUniversity of Pennsylvania
54.2%
Ivy League Universities outside of New York StateDartmouth
51.8%
Most Common Male Names in 20th Century America^Robert
45.7%
Most Common Male Names in 20th Century America^William
45.4%
Six Biggest Automakers Worldwide*Hyundai
44.6%
Six Biggest Automakers Worldwide*Renault-Nissan
43.8%
Six Biggest Automakers Worldwide*Volkswagen
39.3%
Most Common Male Names in 20th Century America^David
36.9%
All Time Longest-Serving US Supreme Court Chief JusticesJohn Marshall
25.9%
All Time Longest-Serving US Supreme Court Chief JusticesWarren E. Burger
24.8%
All Time Longest-Serving US Supreme Court Chief JusticesEarl Warren
15.6%
All Time Longest-Serving US Supreme Court Chief JusticesWilliam Rehnquist
14.8%
All Time Longest-Serving US Supreme Court Chief JusticesRoger B. Taney
4.3%
All Time Longest-Serving US Supreme Court Chief JusticesMelville Fuller
2%

You're not logged in!

Compare scores with friends on all Sporcle quizzes.
OR
Log In

You Might Also Like...

Show Comments

Extras

Top Quizzes Today


Score Distribution

Your Account Isn't Verified!

In order to create a playlist on Sporcle, you need to verify the email address you used during registration. Go to your Sporcle Settings to finish the process.

Report this User

Report this user for behavior that violates our Community Guidelines.

Details: